| 000 | 00565nam a2200217Ia 4500 | ||
|---|---|---|---|
| 003 | OSt | ||
| 005 | 20240813102657.0 | ||
| 008 | 210210b1985 xxu||||| |||| 00| 0 eng d | ||
| 040 | _cAL | ||
| 041 | _aEnglish | ||
| 082 | _a809.88914 SAHN | ||
| 100 |
_aSAHITYA AKADEMI. _9176813 |
||
| 245 | _aNidhi Levi Farwell: Makers of Indian literature | ||
| 260 |
_aN D _bSahitya Akademi _c1985 |
||
| 300 | _a76 | ||
| 650 |
_aNidhi Levi Farwell _9176814 |
||
| 690 |
_aIndian Literature _9176815 |
||
| 700 |
_aMaheswar Neog _9176816 |
||
| 906 | _a053813 | ||
| 942 |
_2ddc _cBK |
||
| 999 |
_c102045 _d102045 |
||